000 01055nam0a22003611 4500
001 RU\NLR\CVI\004872245
005 20250715162207.0
035 _a(NLR Aleph) 004872245
035 _av19\rc\1776791
090 _a13424090
_c13424090
100 _a20061204d1904 |||y0rusy50 ca
101 1 _arus
_ceng
102 _aRU
105 _ay z |||||
200 1 _aЖизнь Магомета
_fВ. Ирвинг
_gПер. с англ. Л. Соколовой
210 _aМосква
_cизд. кн. скл. Д.П. Ефимов
_d1904
215 _a400, VI с.
_d18
700 1 _aИрвинг
_bВ.
_f1783-1859
_gВашингтон
702 0 _aМагомет
_4570
702 1 _aСоколова
_bЛ.
_4730
801 0 _aRU
_bNLR
_gpsbo
801 0 _aRU
_bRuMoRGB
_2psbo
801 1 _aRU
_bProSoft-M
_2rusmarc
852 _aNLR
_j38.25.8.32
852 _aNLR
_j129/3295
852 _aNLR
_bМф
_jК1/14497
852 _aNLR
_jКрI-6135
899 _aRuMoRGB
_jJ 82/214
899 _aБАН
942 _cBOOK
980 _aNB
980 _aKRCH